Guanacaste: retratos de vida=Life portraits (Registro nro. 10099)
[ vista simple ]
| 000 -CABECERA | |
|---|---|
| campo de control de longitud fija | 00638nam a22002417a 4500 |
| 005 - FECHA Y HORA DE ACTUALIZACIÓN | |
| campo de control | 20171212142231.0 |
| 008 - LONGITUD FIJA | |
| campo de control de longitud fija | 171212b xxu||||| |||| 00| 0 spa d |
| 041 ## - IDIOMA | |
| Código de idioma del texto/pista de sonido o título separado | |
| 082 ## - CLASIFICACIÓN DECIMAL DEWEY | |
| Número de clasificación | 972.866 D542g |
| 100 ## - AUTOR PERSONAL | |
| Nombre de persona | Diaz Castaneda, Zoraida |
| 245 ## - TÍTULO PROPIAMENTE DICHO | |
| Título | Guanacaste: retratos de vida=Life portraits |
| 260 ## - PIE DE IMPRENTA | |
| Lugar de publicación, distribución, etc. | Costa Rica |
| 260 ## - PIE DE IMPRENTA | |
| Nombre del editor, distribuidor, etc. | Beach times Publishing |
| 260 ## - PIE DE IMPRENTA | |
| Fecha de publicación, distribución, etc. | 2008 |
| 300 ## - DESCRIPCIÓN FÍSICA | |
| Extensión | 160 páginas |
| 650 ## - Materia General | |
| Materia general | COSTA RICA |
| 650 ## - Materia General | |
| Materia general | GUANACASTE |
| 650 ## - Materia General | |
| Materia general | HISTORIA |
| 650 ## - Materia General | |
| Materia general | DESCRIPCIONES Y VIAJES |
| 650 ## - Materia General | |
| Materia general | CULTURA |
| 650 ## - Materia General | |
| Materia general | FOTOGRAFÍAS |
| 942 ## - Punto de Acceso Adicional Koha | |
| Tipo de ítem Koha | Libro |
| Estado perdido | Estado dañado | No para préstamo | Biblioteca permanente | Biblioteca actual | Signatura completa | Código de barras | Precio efectivo a partir del | Tipo de ítem |
|---|---|---|---|---|---|---|---|---|
| Departamento de Biblioteca y Documentación Alfonso Chase Brenes | Departamento de Biblioteca y Documentación Alfonso Chase Brenes | 972.866 D542g | 1867 | 12/12/2017 | Libro |